000 00349nam a2200121Ia 4500
008 220217s9999 xx 000 0 und d
245 0 _aMethods of testing vulcanized rubber. Part A 26. Determination of hardness.
260 _c1969
500 _aStandard number: BS 903 Part A 27
650 _aHardness
650 _aVulcanized rubber
942 _cST
999 _c73183
_d73183